धूप के अँधेरे में / (Record no. 47943)

MARC details
000 -LEADER
fixed length control field 01171nam a22002897a 4500
005 - DATE AND TIME OF LATEST TRANSACTION
control field 20100928155812.0
008 - FIXED-LENGTH DATA ELEMENTS--GENERAL INFORMATION
fixed length control field 100915t xxu||||| |||| 00| 0 hin d
010 ## - LCCN (DPL NO)
LC control number HIN-90645
020 ## - INTERNATIONAL STANDARD BOOK NUMBER
Terms of availability 125.00
International Standard Book Number 9788190367820
035 ## - SYSTEM CONTROL NUMBER
System control number HN-62991
037 ## - SOURCE OF ACQUISITION
Source of stock number/acquisition DBAD / PUB
040 ## - CATALOGING SOURCE
Original cataloging agency DPL
Language of cataloging HN
082 ## - DEWEY DECIMAL CLASSIFICATION NUMBER
Classification number 821
100 ## - MAIN ENTRY--PERSONAL NAME
9 (RLIN) 20178
Personal name राणा, मोहन
245 ## - TITLE STATEMENT
Title धूप के अँधेरे में /
Statement of responsibility, etc मोहन राणा
246 ## - VARYING FORM OF TITLE
Title proper/short title Dhoop ke andhere mein
Remainder of title by Mohan Rana
260 ## - PUBLICATION, DISTRIBUTION, ETC. (IMPRINT)
Place of publication, distribution, etc नई दिल्ली
Name of publisher, distributor, etc सुर्यास्त्र
Date of publication, distribution, etc 2008
270 ## - ADDRESS
Address सी-43, पहली मंज़िल, ग्रीन पार्क मेन
City नई दिल्ली
Postal code 110016
Electronic mail address info@suryastra.com
300 ## - PHYSICAL DESCRIPTION
Extent 112पृ.
Dimensions 22सेमी (अजिल्द)
650 ## - SUBJECT ADDED ENTRY--TOPICAL TERM
9 (RLIN) 1159
Topical term or geographic name as entry element हिन्दी कविता
650 ## - SUBJECT ADDED ENTRY--TOPICAL TERM
Topical term or geographic name as entry element Hindi Poetry
9 (RLIN) 22205
700 ## - ADDED ENTRY--PERSONAL NAME
9 (RLIN) 20179
700 ## - ADDED ENTRY--PERSONAL NAME
9 (RLIN) 20333
700 ## - ADDED ENTRY--PERSONAL NAME
9 (RLIN) 20540
942 ## - ADDED ENTRY ELEMENTS (KOHA)
Source of classification or shelving scheme Dewey Decimal Classification
Item type Hindi Books
Call number suffix राणामो
Classification part 821
Holdings
Withdrawn status Lost status Source of classification or shelving scheme Damaged status Not for loan Collection code Home library Current library Date acquired Source of acquisition Cost, normal purchase price Total Checkouts Full call number Barcode Date last seen Copy number Cost, replacement price Koha item type
    Dewey Decimal Classification   Not For Loan Non-fiction D.B.Act.Division D.B.Act.Division 28/09/2010 DBAD / PUB 125.00   821 राणामो HN-62991 28/09/2010 1 125.00 Hindi Books

© Delhi Public Library
Hit Counter
free hit counter